[Event "Wroclaw Anderssen Memorial"]
[Site "Wroclaw"]
[Date "2022.07.30"]
[Round "8"]
[White "Anders, Marcin"]
[Black "Olczak, Mariusz"]
[Result "1-0"]
[WhiteElo "1533"]
[BlackElo "1653"]
[PlyCount "117"]
[EventDate "2022.07.30"]
[EventType "swiss (rapid)"]
[EventRounds "9"]
[EventCountry "POL"]
[SourceTitle "CBM 209 Extra"]
[Source "ChessBase"]
[SourceDate "2022.09.30"]
[SourceVersion "1"]
[SourceVersionDate "2022.09.30"]
[SourceQuality "1"]

1. e4 e5 2. Bc4 Nf6 3. Nc3 Be7 4. Nf3 Nc6 5. d4 d6 6. dxe5 dxe5 7. Qxd8+ Bxd8 8. Bg5 0-0 9. Bxf6 Bxf6 10. Nd5 Bd8 11. 0-0-0 Be6 12. Ne3 Bxc4 13. Nxc4 f6 14. Rd7 Rc8 15. h4 Be7 16. h5 Rfd8 17. Rhd1 Rxd7 18. Rxd7 Rd8 19. Rxc7 Rb8 20. Nh4 Nd4 21. Rxe7 Rc8 22. Nd6 Rd8 23. Re8+ Rxe8 24. Nxe8 b6 25. Nd6 Ne2+ 26. Kd2 Nf4 27. g3 Nxh5 28. Nb5 a5 29. Nd6 Kf8 30. c4 g6 31. Nc8 Kf7 32. Nxb6 Ke6 33. Nd5 f5 34. Kd3 f4 35. g4 Ng7 36. b4 axb4 37. Nxb4 h5 38. g5 Kd6 39. a4 Ne6 40. Nxg6 Nc5+ 41. Ke2 Nxe4 42. a5 Nxg5 43. a6 Kc7 44. Nxe5 h4 45. Nf3 h3 46. Nh2 Ne4 47. Nd5+ Kb8 48. Nxf4 Ka7 49. Nxh3 Kxa6 50. Kd3 Nf6 51. Kd4 Kb6 52. Nf4 Kc6 53. Nd5 Nd7 54. Ng4 Nf8 55. Nf4 Kd6 56. c5+ Kc6 57. Ne5+ Kb5 58. Kd5 Nd7 59. Nxd7 1-0

[Event "POL-ch rapid"]
[Site "Trzcianka"]
[Date "2020.10.18"]
[Round "1"]
[White "Pakleza, Zbigniew"]
[Black "Anders, Marcin"]
[Result "1-0"]
[WhiteElo "2501"]
[BlackElo "1430"]
[PlyCount "67"]
[EventDate "2020.10.18"]
[EventType "swiss (rapid)"]
[EventRounds "9"]
[EventCountry "POL"]
[SourceTitle "CBM 198 Extra"]
[Source "ChessBase"]
[SourceDate "2020.11.30"]
[SourceVersion "1"]
[SourceVersionDate "2020.11.30"]
[SourceQuality "1"]

1. d4 f5 2. Nf3 Nf6 3. c4 e6 4. Nc3 d5 5. Bf4 Bd6 6. Ne5 Nh5 7. Bc1 dxc4 8. Nxc4 Nc6 9. e4 g6 10. Be2 Ng7 11. d5 Ne5 12. Nxd6+ cxd6 13. f4 Nf7 14. dxe6 Bxe6 15. 0-0 0-0 16. Kh1 Rc8 17. Be3 a6 18. Bf3 fxe4 19. Bxe4 Nf5 20. Bf2 Re8 21. Bxb7 Rb8 22. Bxa6 Rxb2 23. Bb5 Re7 24. a4 Qa5 25. Nd5 Bxd5 26. Qxd5 Qd2 27. Qxd2 Rxd2 28. a5 Rb2 29. Bc4 Rc7 30. a6 Rxf2 31. Rxf2 Ra7 32. Rb2 Ne7 33. Rb7 Nc6 34. Bxf7+ 1-0